<?xml version="1.0" encoding="UTF-8"?>
<record
    xmlns:xsi="http://www.w3.org/2001/XMLSchema-instance"
    xsi:schemaLocation="http://www.loc.gov/MARC21/slim http://www.loc.gov/standards/marcxml/schema/MARC21slim.xsd"
    xmlns="http://www.loc.gov/MARC21/slim">

  <leader>01830nka a2200361 i 4500</leader>
  <controlfield tag="001">103002</controlfield>
  <controlfield tag="003">ES-MaACL</controlfield>
  <controlfield tag="005">20250824093144.0</controlfield>
  <controlfield tag="007">t|</controlfield>
  <controlfield tag="008">051223q1877    sp --- |     |r00 c|spa  </controlfield>
  <datafield tag="100" ind1="1" ind2=" ">
    <subfield code="a">Maura Montaner, Bartolom&#xE9;,</subfield>
    <subfield code="d">1844-1926</subfield>
    <subfield code="e">drm</subfield>
    <subfield code="e">etr</subfield>
    <subfield code="9">79222</subfield>
  </datafield>
  <datafield tag="245" ind1="1" ind2="1">
    <subfield code="a">[Testamento de Isabel la Cat&#xF3;lica] </subfield>
    <subfield code="h">[Material gr&#xE1;fico] / </subfield>
    <subfield code="c">E Rosales Pt&#xF3;. ; B. Maura Djo y Gbo, 1877</subfield>
  </datafield>
  <datafield tag="246" ind1="1" ind2=" ">
    <subfield code="a">Isabel la Cat&#xF3;lica dictando su testamento</subfield>
  </datafield>
  <datafield tag="260" ind1=" " ind2=" ">
    <subfield code="a">[S.l. : </subfield>
    <subfield code="b">s.n., </subfield>
    <subfield code="c">1877]</subfield>
  </datafield>
  <datafield tag="300" ind1=" " ind2=" ">
    <subfield code="a">1 estampa : </subfield>
    <subfield code="b">grabado calcogr&#xE1;fico ; </subfield>
    <subfield code="c">462 x 630 mm</subfield>
  </datafield>
  <datafield tag="490" ind1="1" ind2=" ">
    <subfield code="a">Colecci&#xF3;n facticia de grabados ;</subfield>
    <subfield code="v">46</subfield>
    <subfield code="9">184692</subfield>
  </datafield>
  <datafield tag="520" ind1=" " ind2=" ">
    <subfield code="a">Grabado que reproduce el &#xF3;leo sobre lienzo "Isabel la Cat&#xF3;lica dictando su testamento", pintado en 1864 por Eduardo Rosales, depositado en el Museo del Prado. Es una escena de corte hist&#xF3;rico y estilo academicista-realista, englobada en el periodo rom&#xE1;ntico</subfield>
  </datafield>
  <datafield tag="530" ind1=" " ind2=" ">
    <subfield code="a">Disponible en formato digital </subfield>
  </datafield>
  <datafield tag="600" ind1="0" ind2="4">
    <subfield code="a">Isabel </subfield>
    <subfield code="b">I, </subfield>
    <subfield code="c">Reina de Castilla</subfield>
    <subfield code="9">175419</subfield>
  </datafield>
  <datafield tag="650" ind1=" " ind2="4">
    <subfield code="a">Reyes y soberanos-  </subfield>
    <subfield code="y">S.XV</subfield>
    <subfield code="9">241974</subfield>
  </datafield>
  <datafield tag="650" ind1=" " ind2="7">
    <subfield code="a">Testamentos</subfield>
    <subfield code="2">embne</subfield>
    <subfield code="9">17521</subfield>
  </datafield>
  <datafield tag="655" ind1=" " ind2="7">
    <subfield code="a">Grabados calcogr&#xE1;ficos</subfield>
    <subfield code="2">tgfbne</subfield>
    <subfield code="9">241761</subfield>
  </datafield>
  <datafield tag="655" ind1=" " ind2="7">
    <subfield code="a">Grabados</subfield>
    <subfield code="2">tgfbne</subfield>
    <subfield code="9">226846</subfield>
  </datafield>
  <datafield tag="655" ind1=" " ind2="4">
    <subfield code="a">Reproducciones de obras de arte</subfield>
    <subfield code="9">241931</subfield>
  </datafield>
  <datafield tag="700" ind1="1" ind2=" ">
    <subfield code="a">Rosales, Eduardo,</subfield>
    <subfield code="d">1836-1873</subfield>
    <subfield code="e">art</subfield>
    <subfield code="9">99638</subfield>
  </datafield>
  <datafield tag="830" ind1=" " ind2="0">
    <subfield code="a">Colecci&#xF3;n facticia de grabados ;</subfield>
    <subfield code="v">46</subfield>
    <subfield code="9">184692</subfield>
  </datafield>
  <datafield tag="852" ind1="4" ind2=" ">
    <subfield code="a">ES-MaACL</subfield>
    <subfield code="c">DEPO2</subfield>
    <subfield code="j">GF-2(46)</subfield>
  </datafield>
  <datafield tag="856" ind1="4" ind2=" ">
    <subfield code="u">https://patrimoniodigital.ucm.es/s/patrimonio/item/1534119</subfield>
    <subfield code="y">Versi&#xF3;n en l&#xED;nea</subfield>
    <subfield code="z">(Patrimonio Digital Complutense)</subfield>
  </datafield>
  <datafield tag="856" ind1="4" ind2=" ">
    <subfield code="u">https://www.museodelprado.es/coleccion/obra-de-arte/isabel-la-catolica-dictando-su-testamento/4a24b513-9469-4173-b4b9-af1c84b51e9d</subfield>
    <subfield code="y">Versi&#xF3;n en l&#xED;nea</subfield>
    <subfield code="z">(Museo del Prado)</subfield>
  </datafield>
  <datafield tag="942" ind1=" " ind2=" ">
    <subfield code="2">udc</subfield>
    <subfield code="c">DIBGRB</subfield>
    <subfield code="n">0</subfield>
  </datafield>
  <datafield tag="999" ind1=" " ind2=" ">
    <subfield code="c">103002</subfield>
    <subfield code="d">103002</subfield>
  </datafield>
  <datafield tag="952" ind1=" " ind2=" ">
    <subfield code="0">0</subfield>
    <subfield code="1">0</subfield>
    <subfield code="2">udc</subfield>
    <subfield code="4">0</subfield>
    <subfield code="7">0</subfield>
    <subfield code="8">Colecci&#xF3;n_digital</subfield>
    <subfield code="a">ATENEOM</subfield>
    <subfield code="b">ATENEOM</subfield>
    <subfield code="c">DEPO2</subfield>
    <subfield code="d">2008-01-17</subfield>
    <subfield code="l">0</subfield>
    <subfield code="o">GF-2(46)</subfield>
    <subfield code="p">1107551</subfield>
    <subfield code="r">2023-02-23 00:00:00</subfield>
    <subfield code="y">DIBGRB</subfield>
  </datafield>
</record>
